| Tag |
First Indicator |
Second Indicator |
Subfields |
| LEADER |
00000cam a2200000 a 4500 |
| 001 |
in00001664071 |
| 005 |
20151024121808.0 |
| 008 |
011204s2001 si a b 100 0 eng d |
| 010 |
|
|
|a 2001280529
|
| 020 |
|
|
|a 9810245629
|
| 035 |
|
|
|a (OCoLC)ocm48511834
|
| 040 |
|
|
|a JHE
|c DLC
|d TXA
|d UtOrBLW
|
| 042 |
|
|
|a lccopycat
|
| 049 |
|
|
|a TXAM
|
| 050 |
0 |
0 |
|a QC793.3.Q37
|b T48 2000
|
| 082 |
0 |
0 |
|a 539.7/2
|2 21
|
| 111 |
2 |
|
|a Theoretical Advanced Study Institute in Elementary Particle Physics
|d (2000 :
|c Boulder, Colo.)
|
| 245 |
1 |
0 |
|a Flavor physics for the millennium :
|b TASI 2000 : Boulder, Colorado, US, 4-30 June 2000 /
|c Theoretical Advanced Study Institute in Elementary Particle Physics ; editor, Jonathan L. Rosner.
|
| 246 |
3 |
0 |
|a TASI 2000
|
| 264 |
|
1 |
|a Singapore ;
|a River Edge, NJ :
|b World Scientific,
|c [2001]
|
| 264 |
|
4 |
|c ©2001
|
| 300 |
|
|
|a viii, 871 pages :
|b illustrations ;
|c 23 cm.
|
| 336 |
|
|
|a text
|b txt
|2 rdacontent
|
| 337 |
|
|
|a unmediated
|b n
|2 rdamedia
|
| 338 |
|
|
|a volume
|b nc
|2 rdacarrier
|
| 504 |
|
|
|a Includes bibliographical references.
|
| 650 |
|
0 |
|a Particles (Nuclear physics)
|x Flavor
|v Congresses.
|
| 700 |
1 |
|
|a Rosner, Jonathan L.
|
| 948 |
|
|
|a cataloged
|b h
|c 2002/3/12
|d c
|e jgreene
|f 12:23:41 pm
|
| 994 |
|
|
|a E0
|b TXA
|
| 999 |
|
|
|a MARS
|
| 999 |
f |
f |
|s 40b5104c-8042-3085-99e0-f872a54cc705
|i 4e99f7c6-ec21-34ca-a644-e9e353b4f56d
|t 0
|
| 952 |
f |
f |
|p normal
|a Texas A&M University
|b College Station
|c Sterling C. Evans Library
|d Evans: Library Stacks
|t 0
|e QC793.3.Q37 T48 2000
|h Library of Congress classification
|i unmediated -- volume
|m A14828539834
|
| 998 |
f |
f |
|a QC793.3.Q37 T48 2000
|t 0
|l Evans: Library Stacks
|